[Event "BCF-chT4 2223 (4NCL)"]
[Site "England"]
[Date "2023.01.07"]
[Round "3.41"]
[White "Smith, Mark"]
[Black "Ivan, Austin"]
[Result "1-0"]
[WhiteElo "1914"]
[BlackElo "1845"]
[PlyCount "123"]
[EventDate "2022.11.05"]
[EventType "team-swiss"]
[EventRounds "11"]
[EventCountry "ENG"]
[SourceTitle "EXT 2024"]
[Source "ChessBase"]
[SourceDate "2023.10.10"]
[SourceVersion "1"]
[SourceVersionDate "2023.10.10"]
[SourceQuality "1"]
[WhiteTeam "Barnet Knights III"]
[BlackTeam "Cambridge University"]
[WhiteTeamCountry "ENG"]
[BlackTeamCountry "ENG"]

1. d4 d5 2. c4 e6 3. Nf3 c5 4. g3 Nf6 5. Bg2 Nc6 6. 0-0 Be7 7. Nc3 0-0 8. cxd5 exd5 9. Bg5 Be6 10. e3 Ne4 11. Bxe7 Qxe7 12. Rc1 Nxc3 13. Rxc3 c4 14. Ne5 Nxe5 15. dxe5 b5 16. Qd4 b4 17. Rc2 Rfd8 18. f4 Bf5 19. Rcc1 Qe6 20. Rfd1 Bd3 21. Bf1 Bxf1 22. Kxf1 Qa6 23. Kg1 Qxa2 24. e4 h6 25. exd5 c3 26. bxc3 b3 27. Ra1 Qc2 28. Qd2 Qxd2 29. Rxd2 Rab8 30. d6 a5 31. Rb2 Rb5 32. c4 Rc5 33. Rxb3 Rxc4 34. Rba3 Rc2 35. Rxa5 Kh7 36. R1a2 Rc1+ 37. Kf2 Kg6 38. Rd2 Kf5 39. Ra7 Kg6 40. Re7 Ra1 41. g4 Rf8 42. d7 Raa8 43. Rd6+ Kh7 44. f5 Kg8 45. Ke3 Ra3+ 46. Ke4 Ra4+ 47. Rd4 Raa8 48. e6 fxe6 49. fxe6 Rad8 50. h4 g6 51. Ke5 g5 52. hxg5 hxg5 53. Rd5 Kh8 54. Rf7 Kg8 55. Rxf8+ Kxf8 56. Kf6 Kg8 57. Rxg5+ Kh7 58. Kf7 Rf8+ 59. Kxf8 Kh6 60. Rg8 Kh7 61. d8Q Kh6 62. Qh4# 1-0